| 000 | 01612nam a22003017a 4500 | ||
|---|---|---|---|
| 001 | 435 | ||
| 003 | OSt | ||
| 005 | 20250625102346.0 | ||
| 008 | 250625b |||||||g |||| 00| 0 eng d | ||
| 020 | _a9788535206234 | ||
| 040 | _bpor | ||
| 041 |
_hpor _aeng |
||
| 082 |
_a158.1 _bK68p |
||
| 100 | 1 |
_aKiyosaki, Robert T., _d1947- _9951 |
|
| 240 | _aRich Dad, Poor Dad | ||
| 245 |
_aPai Rico Pai Pobre: _bO que os ricos ensinam a seus filhos sobre dinheiro / _cKiyosaki, Robert T ; Tradução de Maria José Cylhar Monteiro |
||
| 250 | _a61 ed. | ||
| 260 |
_aRio de Janeiro _bCampus / Elsevier _c2000 |
||
| 300 | _a192 p. | ||
| 520 | _aO objetivo deste livro é o de partilhar percepções quanto à maneira como uma maior inteligência financeira pode ser empregada para resolver muitos dos problemas comuns da vida. Sem treinamento financeiro, freqüentemente recorremos a fórmulas padronizadas para levar a vida, como trabalhar com afinco, poupar, fazer empréstimos e pagar impostos demais. Segundo o autor, cada indivíduo tem o poder de determinar o destino do dinheiro que chega às mãos. A escolha é de cada um. A cada dia, a cada nota, decidimos ser rico, pobre ou classe média. Dividir este conhecimento com os filhos é a melhor maneira de prepará-los para o mundo que os aguarda. Ninguém mais o fará. | ||
| 650 | 0 |
_aLiteratura Americana _984 |
|
| 650 | 0 |
_aMentalidade de riqueza _9952 |
|
| 650 | 0 |
_aTomada de decisão econômica _9953 |
|
| 650 | 0 |
_aLiberdade financeira _9955 |
|
| 655 | 0 |
_aNão Ficção _9102 |
|
| 700 |
_a Maria José Cylhar Monteiro _eTRADUTOR _9956 |
||
| 942 |
_2ddc _cBK _n0 |
||
| 999 |
_c435 _d435 |
||